Hinos de 16 tradicionais clubes brasileiros em 1 imagem - Parte 2 - Statistics

Estatísticas Gerais
  • Esse quiz foi jogado 14 vezes
  • A pontuação média é 5 de 16
Estatísticas das Respostas
Imagem Resposta % Correto
Bangu (E faz cartaz, Estouram foguetes no ar! Em Bangu se o clube vence há na certa um feriado, Comércio fechado)
56%
Cuiabá (Legítimo representante da cidade verde, da terra do sol)
44%
Londrina (Estás presente em cada coração Caçula-gigante nasceste E hoje és o destemido tubarão)
44%
América de Natal (E uma canção que canta mil amores, enfim Cantou América, América Vamos em frente gente Americana)
33%
Campinense (A raposa a correr vitória e glórias mil garra e raça pra valer)
33%
Paraná (Nas três cores do teu estandarte tão altiva está a gralha azul que plantou neste solo tão fértil esta grande potência do sul)
33%
Sampaio Corrêa (A Bolívia Querida, de maior torcida)
33%
Brasil de Pelotas (Lá no estrangeiro Mostraste ser bem brasileiro Com os louros da vitória Trouxeste para nós mais outra glória)
22%
Brasiliense (No campo, uma pintura, uma aquarela E na torcida explode essa febre amarela)
22%
Caxias (Ser Caxias é ser desportista E um bravo honrador da história Seguir sempre com muita justiça A longa impávida senda da glória)
22%
Chapecoense (Ó glorioso verde que se expande Entre os estados, tu és sempre um esplendor Nas alegrias e nas horas mais difíceis Meu furacão, tu és sempre um vencedor)
22%
Joinville (Na cidade dos príncipes Na cidade das flores Nascia o tricolor dos tricolores)
22%
Juventude (Nossas almas em festa saúdam Esse clube de real tradição Na mais sã alegria se escudam Entoando esta marcha canção)
22%
São Caetano (…brilhe a sua luz Se perpetuará na imensidão Honre a cidade que te nomeou Ostenta ao alto seu pendão)
22%
Vila Nova (O tigre da vila famosa tem que triunfar)
22%
Villa Nova (Villa Nova da Terra do Ouro Tu és de Nova Lima um tesouro Não existe outro time para mim Eu adoro este Leão do Bonfim)
22%
Nenhum quiz correspondente encontrado
Distribuição das Pontuações
Porcentagem de Pessoas com Cada Pontuação
Percentil de Números Respondidos
Sua Pontuação Histórica
Você não jogou esse quiz